| 000 | 01073cam a2200241 a 4500 | ||
|---|---|---|---|
| 001 | 16852077 | ||
| 005 | 20120113113433.0 | ||
| 008 | 110701s2012 lauaf b 001 0 eng | ||
| 020 | _a9781439850893 (hbk. : alk. paper) | ||
| 040 |
_aDLC _cDLC _dDLC |
||
| 082 | 0 | 0 |
_a690.383 _223 _bTAR |
| 100 | 1 |
_aTaranath, Bungale S. _929025 |
|
| 245 | 1 | 0 |
_aStructural Analysis and Design of Tall Buildings : _bSteel and Composite Construction / _cBungale S. Taranath. |
| 260 |
_aBoca Raton : _bCRC/Taylor & Francis, _cc2012. |
||
| 300 |
_aliii, 625 p. : _bill. (some col.), plates ; _c27 cm. |
||
| 504 | _aIncludes bibliographical references (621-624) and index. | ||
| 650 | 0 |
_aTall buildings _xDesign and construction. _929026 |
|
| 650 | 0 |
_aStructural analysis (Engineering) _929027 |
|
| 653 |
_bArch _cFebruary2012 |
||
| 942 |
_2ddc _cBB |
||
| 999 |
_c16494 _d16494 |
||